| 000 | 00704cam a22002053a 4500 | ||
|---|---|---|---|
| 001 | 41805 | ||
| 003 | PGUSA | ||
| 005 | 20140828083937.0 | ||
| 008 | 130109s2013||||xxu|||||s|||||000 | eng d | ||
| 040 |
_aPGUSA _beng |
||
| 042 | _adc | ||
| 100 | 1 | _aShriner, Charles A. | |
| 245 | 1 | 0 |
_aHistory of the Catholic Church in Paterson, N.J. : _bwith an Account of the Celebration of the Fiftieth Anniversary of the Establishment of St. John's Church _h[electronic resource] / _cCharles A. Shriner |
| 260 |
_bProject Gutenberg, _c2013 |
||
| 506 | _aPublic domain in the USA. | ||
| 516 | _aElectronic text | ||
| 830 | 0 |
_aProject Gutenberg _v41805 |
|
| 856 | 4 | 0 | _uhttp://www.gutenberg.org/ebooks/41805 |
| 942 | _cEB | ||
| 999 |
_c271057 _d271057 |
||